000 00529nmm a2200193Ia 4500
008 251105s9999||||xx |||||||||||||||||und||
020 _a9788484286936
041 _aspa
100 _aGuskin, Harold
245 0 _aCómo dejar de actuar
264 _a[Madrid, España] :
_bAlba Editorial,
_c2012
300 _a280 páginas
490 _aArtes escénicas
650 _aTheater / Drama
700 _aGuskin, Harold
700 1 _a Vilallonga, Elena
856 _uhttps://public.digitaliapublishing.com/a/33170
942 _cCF
999 _c66609
_d66609